000 00874nam a2200229Ii 4500
003 JO-AjNU
008 230605s9999||||xx |||||||||||||| ||und||
017 _a2008/6/1828
020 _a9957-16-049-4
040 _aJO-AjNU
_bara
_erda
_cJO-AjNU
041 _aara
050 1 4 _aKMM89.75.U22.2010
100 3 _aالعبيدي ، علي هادي ,
_eauthor
_911706
245 0 0 _aالعقود المسماة : البيع والإيجار وقانون المالكين والمستاجرين وفقا لاخر التعديلات مع التطبيقات القضائية لمحكمة التمييز
250 _aط1
264 3 1 _aعمان : دار الثقافة ، 2009
300 _a378ص
336 _atext
_btxt
_2rdacontent
337 _aunmediated
_bn
_2rdamedia
338 _avolume
_bnc
_2rdacarrier
650 4 _aعقود الاستئجار -- التأجير
_911707
999 _aA2463
_c6031
_d6031